| 000 | 00405nam a22001217a 4500 | ||
|---|---|---|---|
| 082 | _a220 PRO | ||
| 100 |
_aRFAN,ASAD, USMAN, _971871 |
||
| 245 | _aPR-SOF-1238-RHINO ST6 LATHE AND RM6 MILLING CONTROL SERVICING AND MANUFACTURING OF PARTS USING G & M CODES | ||
| 260 |
_aISLAMABAD _bNUST COLLEGE OF EME _c2013 |
||
| 650 |
_a DE-MTS-31 _971872 |
||
| 700 |
_aSUPERVISOR SALEEM ULLAH SUMBAL _971873 |
||
| 942 | _cBK | ||
| 999 |
_c578153 _d578153 |
||